Music Quiz

Random Music or Disney Quiz

Guess the Disney Lyrics! 5 Quiz Stats

 Plays Quiz not verified by Sporcle

Also try: Songs Done Twice
Challenge
Share
Tweet
Embed
Score 0/217 Timer 10:00
1 Play Today
% Correct
the
98.3%
and
98.3%
the
98.3%
And
98.3%
the
98.3%
the
98.3%
the
98.3%
a
98.3%
and
98.3%
the
98.3%
a
98.3%
and
98.3%
the
98.3%
and
98.3%
the
98.3%
the
98.3%
the
98.3%
the
98.3%
a
98.3%
a
98.3%
you
88.7%
you
88.7%
you
88.7%
you,
88.7%
you
88.7%
you
88.7%
you
88.7%
you
88.7%
you
88.7%
you
88.7%
be
84.8%
be
84.8%
be
84.8%
be.
84.8%
be.
84.8%
be.
84.8%
it
80%
it
80%
it
80%
to
76.9%
to
76.9%
to
76.9%
to
76.9%
to
76.9%
to
76.9%
to
76.9%
to
76.9%
to
76.9%
to
76.9%
to
76.9%
On
76.1%
in
75.8%
in
75.8%
in
75.8%
In
75.8%
in
75.8%
in
75.8%
in
75.8%
is
71.3%
your
67.6%
your
67.6%
your
67.6%
your
67.6%
your
67.6%
no
65.6%
no
65.6%
love.
65.1%
will
63.9%
will
63.9%
will
63.9%
will
63.9%
see.
63.4%
of
63.1%
% Correct
of
63.1%
of
63.1%
of
63.1%
of,
63.1%
of
63.1%
of
63.1%
of
63.1%
of
63.1%
for
62%
who'll
61.1%
who'll
61.1%
there'll
59.2%
one
58.9%
there
58.9%
one
58.9%
it's
58.6%
it's
58.6%
It's
58.6%
that
58.3%
that
58.3%
that
58.3%
you're
57.2%
this
54.4%
day
53.8%
day
53.8%
day
53.8%
time.
52.7%
time
52.7%
time
52.7%
time
52.7%
time
52.7%
All
52.1%
all
52.1%
all.
52.1%
all
52.1%
you'll
50.1%
you'll
50.1%
you'll
50.1%
you'll
50.1%
you'll
50.1%
You'll
50.1%
you'll
50.1%
you'll
50.1%
Some
49%
Some
49%
Some
49%
from
46.5%
Man,
45.6%
Man,
45.6%
man
45.6%
man.
45.6%
Man,
45.6%
Man,
45.6%
man
45.6%
Man,
45.6%
Man,
45.6%
man
45.6%
Man,
45.6%
Man's
45.6%
man
45.6%
with
44.8%
with
44.8%
with
44.8%
with
44.8%
But
44.2%
come
43.9%
look
43.9%
look
43.9%
look
43.9%
Son
37.7%
Son
37.7%
Son
37.7%
Son
37.7%
% Correct
now.
37.7%
Son
37.7%
Son
37.7%
Son
37.7%
Son
37.7%
find
36.9%
things
36.3%
things
36.3%
take
35.8%
these
35.2%
sky,
34.9%
sky,
34.9%
sky,
34.9%
Oh
34.4%
Oh,
34.4%
there's
33%
boy
32.1%
free.
31.5%
free.
31.5%
free.
31.5%
strong
31%
wise.
29.3%
set
29%
set
29%
set
29%
wisdom
28.7%
hand.
28.5%
power
28.2%
lift
27.6%
lift
27.6%
Well,
27.6%
lift
27.6%
journey
27%
guide
27%
journey
27%
place
26.8%
ones
26.8%
learn.
26.5%
pride.
26.2%
pride.
26.2%
pride.
26.2%
walk
25.9%
walk
25.9%
yours
25.9%
walk
25.9%
spirits,
25.1%
spirits,
25.1%
spirits,
25.1%
climb
24.8%
mountain,
24.8%
saw.
24.8%
making
24.5%
teach
24.5%
reach
24.2%
tall
23.9%
tall
23.9%
tall
23.9%
teaching
23.7%
dreamed
23.7%
answers
22.8%
seek.
22.8%
learning
22.8%
peak.
22.5%
understanding
22%
beside
21.7%
faith
21.4%
Though
20.8%
near
20%
visions
19.4%
claim
18.3%
drawing
16.3%

You're not logged in!

Compare scores with friends on all Sporcle quizzes.
OR
Log In

You Might Also Like...

Show Comments

Extras

Top Quizzes Today


Score Distribution

Your Account Isn't Verified!

In order to create a playlist on Sporcle, you need to verify the email address you used during registration. Go to your Sporcle Settings to finish the process.

Report this User

Report this user for behavior that violates our Community Guidelines.

Details: